Best quotations for all occasions, (Record no. 5845)
[ view plain ]
| 000 -LEADER | |
|---|---|
| fixed length control field | 00549nam a2200193I 4500 |
| 001 - CONTROL NUMBER | |
| control field | 1448884 |
| 003 - CONTROL NUMBER IDENTIFIER | |
| control field | OSt |
| 005 - DATE AND TIME OF LATEST TRANSACTION | |
| control field | 20190110121941.0 |
| 008 - FIXED-LENGTH DATA ELEMENTS--GENERAL INFORMATION | |
| fixed length control field | 750715s1948 xx 000 0 eng d |
| 040 ## - CATALOGING SOURCE | |
| Original cataloging agency | IVD |
| Transcribing agency | IVD |
| Modifying agency | m.c. |
| -- | JCU |
| 082 ## - DEWEY DECIMAL CLASSIFICATION NUMBER | |
| Classification number | 808.88 |
| Item number | H521B |
| 090 ## - LOCALLY ASSIGNED LC-TYPE CALL NUMBER (OCLC); LOCAL CALL NUMBER (RLIN) | |
| Classification number (OCLC) (R) ; Classification number, CALL (RLIN) (NR) | PN6081 |
| Local cutter number (OCLC) ; Book number/undivided call number, CALL (RLIN) | .C68 |
| 100 1# - MAIN ENTRY--PERSONAL NAME | |
| Personal name | Copeland, Lewis. |
| 245 10 - TITLE STATEMENT | |
| Title | Best quotations for all occasions, |
| Statement of responsibility, etc. | arr. and edited by Lewis C. Henry [pseud.] |
| 260 ## - PUBLICATION, DISTRIBUTION, ETC. | |
| Place of publication, distribution, etc. | Garden City, N. Y., |
| Name of publisher, distributor, etc. | Permabooks |
| Date of publication, distribution, etc. | [1948, c1945] |
| 300 ## - PHYSICAL DESCRIPTION | |
| Extent | 280 p. |
| Dimensions | 17 cm. |
| 650 #0 - SUBJECT ADDED ENTRY--TOPICAL TERM | |
| Topical term or geographic name entry element | Quotations, English. |
| 942 ## - ADDED ENTRY ELEMENTS (KOHA) | |
| Source of classification or shelving scheme | Dewey Decimal Classification |
| Koha item type | Books |
| Withdrawn status | Lost status | Source of classification or shelving scheme | Damaged status | Not for loan | Collection code | Home library | Current library | Shelving location | Date acquired | Cost, normal purchase price | Total Checkouts | Full call number | Barcode | Date last seen | Price effective from | Koha item type |
|---|---|---|---|---|---|---|---|---|---|---|---|---|---|---|---|---|
| Dewey Decimal Classification | Non-fiction | Harvest Mission College | Harvest Mission College | General Stacks | 10.01.2019 | 950.00 | 808.88 H521B | 006699 | 10.01.2019 | 10.01.2019 | Books |
